LDR 00924naa#a2200253#i#450# 001 EN\\bibl\125349 005 20260630051600.2 011 ## _a2077-7566 100 ## _a20260629b2026####ek#y0engy0150####ca 101 0# _aRUS 102 ## _aRU 200 1# _aMORPHOMETRIC AND RADIOLOGICAL ASSESSMENT OF REPARATIVE OSTEOGENESIS DEPENDING ON THE COMPOSITION OF OSTEOPLASTIC MATERIAL IN OPEN SINUS LIFT SURGERY _eJournal article 210 1# _aEkaterinburg _cTIRAZH Publishing House _d2026 215 ## _a7 с. 608 ## _aJournal article _2local 675 ## _aСтоматология. Заболевания ротовой полости и зубов. 616.31 _zRUS 700 #1 _aCherednikov _gSergey M. 700 #1 _aBrailovskaya _gTatyana V. 700 #1 _aZaitseva _gLidia N. 700 #1 _aPetrunina _gEkaterina M. 700 #1 _aVoloshina _gOlga A. 700 #1 _aMarchenko _gSvetlana V. 700 #1 _aSharova _gSvetlana A. 856 4# _adental-press.ru _u